00557cam a22002051 4500001001300000003000400013005001700017008004100034010001700075035002000092040001900112042001200131050001400143060002100157100001500178245006700193260005100260300002300311999001700334med47000405 DLC20260227111559.0810725s1944 xx c 000 0 dut  amed47000405  a(OCoLC)14722132 aDLCcDNLMdDLC apremarc00aRS92b.E90 aQV 21bE93p 19441 aEvrard, V.10aPharmaceutische plichtenleer voor apothekers en stagiaires ... aAntwerpen [etc.]bStandaard-boekhandel,c1944. a95, [1] p.bports. c38063d38063